Nové médium ponúka nové možnosti pre reklamu

Postavenie Internetu v rámci médií. Charakteristika Internetu. Slovenský Internet, jeho postavenie v rámci svetového vývoja. Prínos prieskumu Netprojekt. Inzercia v Internete, náklady na inzerciu, problém neprehľadnosti.

Guardado en:
Detalles Bibliográficos
Autor principal: Vadocz, Š.
Otros Autores: Guláš, P.
Formato: Capítulo de libro
Lenguaje:eslovaco
Materias:
Etiquetas: Agregar Etiqueta
Sin Etiquetas, Sea el primero en etiquetar este registro!

MARC

LEADER 00000naa a2200000 4500
001 r028204
005 20230921082102.2
041 0 |a slo 
044 |a SK 
245 1 0 |a Nové médium ponúka nové možnosti pre reklamu  |c Š. Vadocz, P. Guláš 
520 |a Postavenie Internetu v rámci médií. Charakteristika Internetu. Slovenský Internet, jeho postavenie v rámci svetového vývoja. Prínos prieskumu Netprojekt. Inzercia v Internete, náklady na inzerciu, problém neprehľadnosti. 
610 2 0 |a médiá 
610 2 0 |a internet 
610 2 0 |a reklama 
610 2 0 |a inzercia 
610 2 0 |a náklady 
610 2 0 |a informácie 
610 2 0 |a Slovensko 
100 1 |a Vadocz, Š. 
700 1 |a Guláš, P.